[Event "Open Vitrolles 2019-2020"]
[Site "Vitrolles"]
[Date "2020.02.08"]
[Round "7.3"]
[White "Biard, Noah"]
[Black "Thiers, Jean-Jacques"]
[Result "1-0"]
[WhiteElo "1268"]
[BlackElo "1523"]
[PlyCount "67"]

1. e4 e5 2. Nc3 Nf6 3. f4 Nc6 4. fxe5 Nxe5 5. d4 Ng6 6. e5 Qe7 7. Qe2 Ng8 8.
Nf3 c6 9. d5 f6 10. d6 Qe6 11. Nd4 Qxe5 12. Be3 Bxd6 13. O-O-O Be7 14. Qf2 d5
15. Re1 Qc7 16. Bd3 Ne5 17. Bf4 Nxd3+ 18. cxd3 Qd8 19. Ne6 Bxe6 20. Rxe6 Qd7
21. Rhe1 Kf7 22. Qe2 Bb4 23. g4 d4 24. a3 dxc3 25. axb4 cxb2+ 26. Kxb2 Qd4+ 27.
Kc2 Qxf4 28. Re4 Qd6 29. h4 c5 30. bxc5 Qxc5+ 31. Rc4 Qa5 32. Qe6+ Kf8 33. Rc8+
Rxc8+ 34. Qxc8+ 1-0

[Event "Open Vitrolles 2019-2020"]
[Site "Vitrolles"]
[Date "2020.02.08"]
[Round "7.4"]
[White "Hamm, Gabrielle"]
[Black "Frailinu, Jean-Bernard"]
[Result "0-1"]
[WhiteElo "1256"]
[BlackElo "1399"]
[PlyCount "120"]

1. e4 c5 2. Nf3 Nc6 3. d4 cxd4 4. Nxd4 e6 5. c4 Nf6 6. Nc3 Bb4 7. Bg5 h6 8.
Nxc6 bxc6 9. Bd2 d5 10. e5 Nd7 11. a3 Bc5 12. Bf4 a5 13. Qg4 g6 14. Bd3 g5 15.
Be3 Bxe3 16. fxe3 Nxe5 17. Qd4 Nxd3+ 18. Qxd3 Ba6 19. Qd4 O-O 20. cxd5 cxd5 21.
Na4 Qd6 22. e4 e5 23. Qxd5 Qxd5 24. exd5 Rfd8 25. Rd1 Rd6 26. Nc5 Bc4 27. Ne4
Rb6 28. Rd2 f5 29. Nc3 Rd8 30. Kf2 Rbd6 31. Re1 e4 32. Rd4 Bb3 33. Ke3 Re8 34.
g3 Kg7 35. h4 Kf6 36. Rf1 Kg6 37. Re1 gxh4 38. gxh4 Kh5 39. Kf4 Rf8 40. Ke5 Rg6
41. d6 Be6 42. d7 Rd8 43. Rd6 Bxd7 44. Red1 Re8+ 45. Kf4 Rg4+ 46. Ke3 Bc8 47.
R1d5 Rxh4 48. Rxa5 Kg5 49. Ne2 Rh3+ 50. Kf2 h5 51. Ra7 Rg8 52. b4 Rb3 53. Nd4
Rb2+ 54. Ke3 h4 55. Ne6+ Bxe6 56. Rxe6 Rb3+ 57. Kf2 Kf4 58. Rh7 Rg4 59. Reh6
Rb2+ 60. Kf1 Kf3 0-1

[Event "Open Vitrolles 2019-2020"]
[Site "Vitrolles"]
[Date "2020.02.08"]
[Round "7.5"]
[White "Maccagno, Gilbert"]
[Black "Guisset, Andre"]
[Result "0-1"]
[WhiteElo "1350"]
[BlackElo "1429"]
[PlyCount "122"]

1. e4 c6 2. d4 d5 3. e5 c5 4. c3 Nc6 5. Nf3 Bg4 6. Be2 e6 7. O-O Be7 8. Na3 Nh6
9. Nc2 Nf5 10. Re1 Qb6 11. b3 Bxf3 12. Bxf3 cxd4 13. cxd4 Nfxd4 14. Nxd4 Qxd4
15. Qxd4 Nxd4 16. Bd1 Rc8 17. Rb1 O-O 18. a3 Nc2 19. Bxc2 Rxc2 20. b4 Rfc8 21.
Ra1 Bd8 22. Be3 Bb6 23. Bxb6 axb6 24. Kf1 Rb2 25. Rec1 Rcc2 26. Rxc2 Rxc2 27.
Ke1 f6 28. exf6 gxf6 29. g3 Kf7 30. h4 e5 31. a4 Ke6 32. a5 bxa5 33. Rxa5 d4
34. Rb5 Rc7 35. g4 Kf7 36. h5 Re7 37. Rc5 Ke6 38. f3 Kd6 39. Kd2 b6 40. Rc8 Rc7
41. Rf8 Ke6 42. h6 Rc4 43. Rh8 Rxb4 44. Rxh7 Rb2+ 45. Kd3 Rh2 46. Rh8 Kf7 47.
Rb8 Rxh6 48. Rxb6 Kg6 49. Rb5 Rh8 50. Rd5 Rc8 51. Ke4 Rc3 52. Rd7 Re3+ 53. Kd5
Rxf3 54. Rd8 Rg3 55. Rg8+ Kf7 56. Rb8 Rxg4 57. Rb7+ Kg6 58. Kc4 Kf5 59. Rb1 Rg3
60. Rf1+ Ke6 61. Rd1 Rc3+ 0-1

[Event "Open Vitrolles 2019-2020"]
[Site "Vitrolles"]
[Date "2020.02.08"]
[Round "7.6"]
[White "Delporte, Clement"]
[Black "Chauvet, Joelle"]
[Result "0-1"]
[WhiteElo "1372"]
[BlackElo "1365"]
[PlyCount "98"]

1. e4 e5 2. Nf3 d6 3. Bc4 Be7 4. O-O Nf6 5. d3 O-O 6. c3 c6 7. a4 Bg4 8. Nbd2
d5 9. Bb3 Nbd7 10. Re1 Nc5 11. Bc2 d4 12. h3 dxc3 13. bxc3 Bh5 14. g4 Bg6 15.
Nxe5 Nfd7 16. Ndf3 Nxe5 17. Nxe5 Bd6 18. Nc4 Bc7 19. f4 f6 20. Be3 b6 21. a5
Bf7 22. axb6 axb6 23. Nb2 Ne6 24. Qf3 Qd6 25. Nc4 Ng5 26. fxg5 Qh2+ 27. Kf1
Qxc2 28. gxf6 Qxd3+ 29. Kg1 Bxc4 30. Rxa8 Rxa8 31. fxg7 Qxc3 32. Rc1 Qb4 33. h4
b5 34. h5 Be5 35. h6 Qd6 36. g5 Bd4 37. Kh1 Bxe3 38. Qxe3 Bf7 39. e5 Qd5+ 40.
Kg1 Re8 41. Re1 c5 42. g6 Bxg6 43. e6 Re7 44. Rf1 Bf5 45. Qh3 Qd4+ 46. Kh2 Rxe6
47. Qxf5 Rxh6+ 48. Kg2 Qxg7+ 49. Kf2 Rf6 0-1

[Event "Open Vitrolles 2019-2020"]
[Site "Vitrolles"]
[Date "2020.02.08"]
[Round "7.7"]
[White "Corrias, Robert"]
[Black "Estevez, Ange"]
[Result "1-0"]
[WhiteElo "1514"]
[BlackElo "1462"]
[PlyCount "101"]

1. g3 e5 2. d3 d5 3. Bg2 Nf6 4. Nf3 Nc6 5. b3 Bd6 6. Bb2 O-O 7. Nbd2 Qe7 8. a4
a5 9. O-O h6 10. Re1 Be6 11. e4 dxe4 12. dxe4 Qd7 13. Qe2 Qc8 14. Nc4 Bxc4 15.
Qxc4 Re8 16. Rad1 Qe6 17. Qf1 Qe7 18. Nh4 Qf8 19. Qc4 g6 20. Nxg6 Qg7 21. Nh4
Rad8 22. Nf5 Qf8 23. Bc1 Kh7 24. Bxh6 Qg8 25. Bg7 Kg6 26. c3 Bf8 27. Bxf6 Kxf6
28. Qb5 Ne7 29. Ne3 b6 30. f3 Ng6 31. Nd5+ Kg7 32. Nxc7 Bc5+ 33. Kh1 Rf8 34.
Nd5 Ne7 35. Nxb6 Bxb6 36. Qxb6 Rxd1 37. Rxd1 Rc8 38. Qxa5 Nc6 39. Qc5 Kh8 40.
Qd6 Kg7 41. Qd7 Rd8 42. Qg4+ Kh8 43. Qh4+ Kg7 44. Qg5+ Kh7 45. Qh5+ Kg7 46.
Qg5+ Kh7 47. Qh4+ Kg7 48. Rxd8 Qxd8 49. Qxd8 Nxd8 50. Kg1 Nb7 51. b4 1-0

[Event "Open Vitrolles 2019-2020"]
[Site "Vitrolles"]
[Date "2020.02.08"]
[Round "7.8"]
[White "Misene, Milan"]
[Black "Cens, Alain"]
[Result "1-0"]
[WhiteElo "1258"]
[BlackElo "1423"]
[PlyCount "89"]

1. e4 c5 2. Nf3 d6 3. Bb5+ Nd7 4. c3 a6 5. Bd3 g6 6. O-O Bg7 7. Bc2 Ngf6 8. d4
cxd4 9. cxd4 O-O 10. Nc3 b5 11. b4 Bb7 12. Re1 Rc8 13. Bb2 Nb6 14. Bb3 Nc4 15.
Bxc4 Rxc4 16. a3 Qb6 17. Rc1 Rfc8 18. Nd5 Bxd5 19. exd5 Nxd5 20. Rxc4 Rxc4 21.
Re2 Qc7 22. g3 Nc3 23. Bxc3 Rxc3 24. Kg2 Rxa3 25. Qe1 Bf6 26. Re3 Rxe3 27. fxe3
Qc6 28. Kf2 Qc2+ 29. Qd2 Qxd2+ 30. Nxd2 d5 31. Nb3 e5 32. dxe5 Bxe5 33. Nc5 a5
34. bxa5 Bc7 35. a6 Bb6 36. Nd7 Ba7 37. Nf6+ Kg7 38. Nxd5 f5 39. Kf3 Kf7 40. e4
fxe4+ 41. Kxe4 Bc5 42. Ke5 Ba7 43. g4 Bc5 44. h3 Ba7 45. Kd6 1-0

[Event "Open Vitrolles 2019-2020"]
[Site "Vitrolles"]
[Date "2020.02.08"]
[Round "7.9"]
[White "Benoit-Lizon, Alain"]
[Black "Porte, Jacques"]
[Result "1-0"]
[WhiteElo "1386"]
[BlackElo "1210"]
[PlyCount "67"]

1. e4 c5 2. d4 cxd4 3. c3 d3 4. Bxd3 e5 5. Nf3 Nc6 6. O-O Be7 7. Bc4 Nf6 8. Re1
O-O 9. Bg5 d6 10. h3 h6 11. Bh4 Bd7 12. Bxf6 gxf6 13. Nbd2 Kh8 14. Nf1 Na5 15.
Bd5 Nc6 16. Ng3 Be6 17. Nh4 Rg8 18. Nhf5 Bf8 19. Re3 Ne7 20. Bxe6 fxe6 21. Nxd6
Rg7 22. Nh5 Ng6 23. Nxg7 Kxg7 24. Nxb7 Qc7 25. Rd3 Be7 26. Rd7 Qb6 27. Qb3 Qc6
28. Rad1 Kf7 29. R1d6 Qxe4 30. Qxe6+ Kf8 31. Rxe7 Nxe7 32. Qxf6+ Ke8 33. Qh8+
Kf7 34. Rf6# 1-0

[Event "Open Vitrolles 2019-2020"]
[Site "Vitrolles"]
[Date "2020.01.11"]
[Round "7.10"]
[White "Mars, Florence"]
[Black "Besson, Catherine"]
[Result "0-1"]
[WhiteElo "1237"]
[BlackElo "1055"]
[PlyCount "99"]

1. e4 e6 2. d4 d5 3. exd5 exd5 4. Nf3 Bd6 5. Nc3 Nf6 6. Bg5 c6 7. Bd3 O-O 8.
O-O Bg4 9. Re1 Nbd7 10. h3 Bh5 11. g4 Bg6 12. Ne5 Qc7 13. f4 Bxd3 14. Qxd3 c5
15. Nb5 Qb6 16. Nxd6 Qxd6 17. Nxd7 Nxd7 18. Be7 Qxf4 19. Bxf8 Kxf8 20. Rf1
Qxd4+ 21. Qxd4 cxd4 22. Rad1 Rc8 23. Rxd4 Rxc2 24. Rxd5 Ke7 25. Rf2 Ke6 26. Rb5
Rxf2 27. Kxf2 b6 28. Ke3 g6 29. Ke4 a6 30. Rb4 f5+ 31. gxf5+ gxf5+ 32. Kf4 b5
33. Rd4 a5 34. Kg5 Nf6 35. Rd1 Ke5 36. Re1+ Ne4+ 37. Kh6 f4 38. Kxh7 f3 39. h4
Kf4 40. Kg6 f2 41. Rf1 Kf3 42. h5 Ng3 43. h6 Nxf1 44. h7 Nd2 45. h8=Q f1=Q 46.
Qh5+ Ke4 47. Qh4+ Kd3 48. Qg3+ Qf3 49. Qe5 Kc2 50. Qc7+ 0-1

0-1

[Event "Open Vitrolles 2019-2020"]
[Site "Vitrolles"]
[Date "2020.02.08"]
[Round "7.11"]
[White "Bregier, Gerard"]
[Black "Piquemal, Jean Christophe"]
[Result "1-0"]
[WhiteElo "1395"]
[BlackElo "1160"]
[PlyCount "49"]

1. d4 d5 2. Nc3 Nf6 3. Bf4 g6 4. e3 Bg7 5. h4 Nc6 6. h5 Bf5 7. h6 Bf8 8. Be2
Ne4 9. Nxe4 Bxe4 10. f3 Bf5 11. g4 Be6 12. Nh3 Qd7 13. Nf2 f5 14. g5 O-O-O 15.
c3 Kb8 16. b4 a6 17. a4 Na7 18. Nd3 Qc6 19. Nc5 Bf7 20. Qb3 e6 21. b5 Qb6 22.
a5 Qxc5 23. dxc5 Nxb5 24. Bxb5 axb5 25. Qxb5 1-0

[Event "Open Vitrolles 2019-2020"]
[Site "Vitrolles"]
[Date "2020.02.09"]
[Round "7.12"]
[White "Midoux, Malicia"]
[Black "Hamm, Rodrigue"]
[Result "0-1"]
[WhiteElo "1109"]
[BlackElo "1050"]
[PlyCount "28"]

1. d4 d5 2. Bf4 c5 3. c3 Nc6 4. e3 Nf6 5. Nf3 Qb6 6. b3 Bf5 7. Nbd2 e6 8. c4
cxd4 9. exd4 Nxd4 10. Nxd4 Qxd4 11. Bg3 Bb4 12. Be2 Bxd2+ 13. Qxd2 Qxa1+ 14.
Bd1 Ne4 0-1

[Event "Open Vitrolles 2019-2020"]
[Site "Vitrolles"]
[Date "2020.02.08"]
[Round "7.13"]
[White "Cortes-Sobral, Maria"]
[Black "Schoeni, Christine"]
[Result "1-0"]
[WhiteElo "1009"]
[BlackElo "1199"]
[PlyCount "63"]

1. d3 d5 2. c3 Nf6 3. Nf3 e6 4. e3 Nc6 5. Be2 Bd6 6. O-O O-O 7. h3 e5 8. Nbd2
Be6 9. c4 d4 10. e4 Bc5 11. Nb3 Bb6 12. c5 Bxb3 13. axb3 Ba5 14. Bd2 Bb4 15.
Bxb4 Nxb4 16. Nxe5 Qe7 17. Nc4 Qxc5 18. Ra5 Qc6 19. Ne5 Qe6 20. Ng4 Nc6 21. Rc5
Nd7 22. Rd5 Nb6 23. Rc5 Nd7 24. Rg5 f6 25. Nh6+ Kh8 26. Rf5 gxh6 27. Bg4 Rg8
28. Rd5 Qe7 29. Rxd7 Qe8 30. Qf3 Ne5 31. Qxf6+ Rg7 32. Qxg7# 1-0

[Event "Open Vitrolles 2019-2020"]
[Site "Vitrolles"]
[Date "2020.02.08"]
[Round "7.14"]
[White "Bui, Kerian"]
[Black "Rannou, Danielle"]
[Result "0-1"]
[WhiteElo "1009"]
[BlackElo "1199"]
[PlyCount "130"]

1. e4 e5 2. Nf3 Nc6 3. Bc4 h6 4. a3 a6 5. Nc3 Nf6 6. O-O Bc5 7. b4 Bd4 8. Nxd4
Nxd4 9. Nd5 b5 10. Nxf6+ Qxf6 11. Bd5 c6 12. Bb3 Nxb3 13. cxb3 Bb7 14. a4 O-O
15. axb5 axb5 16. Rxa8 Rxa8 17. Bb2 d6 18. d4 Qe7 19. dxe5 dxe5 20. Bc1 Rd8 21.
Qg4 Kh7 22. Qh5 f6 23. Qf5+ Kh8 24. g4 Bc8 25. Qg6 Be6 26. Be3 Bf7 27. Bc5 Qe8
28. Qf5 Bxb3 29. Bb6 Rb8 30. Bc7 Rc8 31. Ba5 Ra8 32. f4 Be6 33. Qh5 Qxh5 34.
gxh5 exf4 35. Rxf4 c5 36. Rf3 Bg4 37. Rg3 Bxh5 38. Rh3 Bg6 39. Re3 c4 40. e5
Re8 41. e6 Bf5 42. e7 Kg8 43. Rf3 Bd7 44. Bd8 Kf7 45. Re3 g5 46. Re4 f5 47. Rd4
Be6 48. h4 f4 49. hxg5 hxg5 50. Rd2 g4 51. Rd4 f3 52. Rf4+ Kg7 53. Re4 Kf6 54.
Rf4+ Bf5 55. Rd4 Ke5 56. Rd7 Bxd7 57. Bc7+ Ke6 58. Bh2 Rxe7 59. Kf2 Kf5 60. Bg3
c3 61. Bh4 Re2+ 62. Kg3 c2 63. Bd8 c1=Q 64. Kh4 Qh1+ 65. Kg3 Rg2# 0-1

[Event "Open Vitrolles 2019-2020"]
[Site "Vitrolles"]
[Date "2020.03.07"]
[Round "8.1"]
[White "Briquet, Xavier"]
[Black "Chabaud, Philippe"]
[Result "0-1"]
[WhiteElo "1448"]
[BlackElo "1480"]
[PlyCount "150"]

1. e4 e6 2. d4 d5 3. Nc3 Bb4 4. Bd2 c5 5. exd5 cxd4 6. Nb5 Bc5 7. Bf4 Na6 8.
Nxd4 Qxd5 9. Nb3 Qe4+ 10. Ne2 Nf6 11. f3 Qd5 12. Nxc5 Nxc5 13. Nc3 Qf5 14. Qd2
e5 15. O-O-O Qxf4 16. Kb1 Qxd2 17. Rxd2 a6 18. Bc4 Be6 19. Nd5 Nxd5 20. Bxd5
Rd8 21. c4 O-O 22. Rhd1 Bf5+ 23. Ka1 Kh8 24. g4 Be6 25. h4 b5 26. cxb5 axb5 27.
h5 h6 28. b4 Na4 29. Bxe6 Rxd2 30. Rxd2 fxe6 31. Rd3 Rf4 32. a3 e4 33. fxe4
Rxe4 34. Rg3 Re5 35. Ka2 Nb6 36. Kb3 Rd5 37. Re3 e5 38. Rc3 Na4 39. Re3 Kg8 40.
Kc2 Kf7 41. Rf3+ Ke6 42. Rf5 e4 43. Rf4 Ke5 44. Rf7 e3 45. Re7+ Kf4 46. Rxg7 e2
47. Rf7+ Kxg4 48. Re7 Kf3 49. Rf7+ Kg2 50. Re7 Kg3 51. Rxe2 Rxh5 52. Re3+ Kf2
53. Kd3 Nb2+ 54. Kd4 Nc4 55. Rc3 Ke2 56. a4 Nb6 57. a5 Na4 58. Re3+ Kd2 59. Re4
Rf5 60. a6 Rf7 61. Re6 Rh7 62. Ke4 Kc3 63. Kf4 Kxb4 64. Kg4 Ka3 65. Re3+ Kb4
66. Kh5 Ra7 67. Re6 Nc5 68. Rxh6 Rxa6 69. Rh8 Rb6 70. Kg4 Ka3 71. Kf3 b4 72.
Ke2 b3 73. Kd2 Ka2 74. Ra8+ Na6 75. Rc8 b2 0-1

[Event "Open Vitrolles 2019-2020"]
[Site "Vitrolles"]
[Date "2020.03.07"]
[Round "8.2"]
[White "Mezadourian, Nicolas"]
[Black "Biard, Noah"]
[Result "1-0"]
[WhiteElo "1570"]
[BlackElo "1345"]
[PlyCount "81"]

1. d4 Nf6 2. c4 c5 3. d5 e6 4. Nc3 d6 5. e4 Nbd7 6. Nge2 Ne5 7. Ng3 Be7 8. Be2
O-O 9. O-O Re8 10. f4 Ned7 11. b3 e5 12. f5 Qa5 13. Qd3 h6 14. Nh1 Rb8 15. Nd1
a6 16. Ne3 b5 17. Nf2 bxc4 18. Nxc4 Qb5 19. Qg3 Kh7 20. Bd3 Qb4 21. Bd2 Qb7 22.
Qh3 Rg8 23. Na5 Qc7 24. Nc6 Ra8 25. Nxe7 Bb7 26. Nxg8 Rxg8 27. Ng4 Nxg4 28.
Qxg4 Nf6 29. Qh3 Bc8 30. g4 g5 31. Kh1 Bd7 32. Rac1 Bb5 33. Bxb5 axb5 34. Qf3
Qa7 35. Ra1 Rc8 36. h4 Rg8 37. hxg5 hxg5 38. Qh3+ Kg7 39. Bxg5 Nh7 40. Qh6+ Kh8
41. Bf6+ 1-0

[Event "Open Vitrolles 2019-2020"]
[Site "Vitrolles"]
[Date "2020.03.07"]
[Round "8.3"]
[White "Thiers, Jean-Jacques"]
[Black "Frailinu, Jean-Bernard"]
[Result "1-0"]
[WhiteElo "1496"]
[BlackElo "1415"]
[PlyCount "127"]

1. d4 d5 2. c4 Nf6 3. Nc3 e6 4. Bg5 Be7 5. e3 O-O 6. Nf3 Nbd7 7. Rc1 c6 8. Qc2
Qc7 9. Bd3 Re8 10. O-O h6 11. Bh4 Nb6 12. Bg3 Qd8 13. Ne5 Nh5 14. Nxf7 Qd7 15.
Ne5 Qd8 16. Bh7+ Kf8 17. Bg6 Nxg3 18. fxg3+ Bf6 19. Bxe8 Qxe8 20. c5 Nd7 21.
Ng6+ Kg8 22. Nf4 e5 23. dxe5 Nxe5 24. Nce2 Bd7 25. b3 Ng4 26. Rf3 Ne5 27. Rff1
Ng4 28. Qd3 Nxe3 29. Rf3 Ng4 30. Qg6 Ne5 31. Qxe8+ Rxe8 32. Re3 Rf8 33. h3 Be8
34. Nd4 Bf7 35. Rce1 Re8 36. Kf1 Kf8 37. b4 Nc4 38. Rxe8+ Bxe8 39. Nfe6+ Kf7
40. Nf5 Bd7 41. Ned4 Nd2+ 42. Ke2 Ne4 43. a3 Kg6 44. g4 Kh7 45. Nb3 g6 46. Nd6
Nxd6 47. cxd6 Be5 48. Na5 b6 49. Nb7 Bf6 50. Kd3 Bc8 51. Nd8 Ba6+ 52. Kc2 Bxd8
53. Re8 Bf6 54. d7 Kg7 55. d8=Q Bxd8 56. Rxd8 Bb5 57. Rd7+ Kf6 58. Rxa7 h5 59.
gxh5 gxh5 60. g3 Ke5 61. a4 Bc4 62. Rb7 c5 63. bxc5 bxc5 64. Rh7 1-0

[Event "Open Vitrolles 2019-2020"]
[Site "Vitrolles"]
[Date "2020.03.07"]
[Round "8.4"]
[White "Scamaroni, Jean-Paul"]
[Black "Guisset, Andre"]
[Result "0-1"]
[WhiteElo "1482"]
[BlackElo "1435"]
[PlyCount "118"]

1. d4 Nf6 2. c4 e6 3. Nc3 Bb4 4. Qc2 O-O 5. Bg5 c5 6. dxc5 Qa5 7. Bxf6 gxf6 8.
e3 Bxc3+ 9. Qxc3 Qxc3+ 10. bxc3 Na6 11. Nf3 Nxc5 12. Be2 b6 13. Nd2 Bb7 14. Rc1
Rac8 15. Nb3 Kh8 16. O-O Rg8 17. f3 Rg5 18. Nd2 Rcg8 19. Rf2 h5 20. e4 h4 21.
h3 f5 22. exf5 Rxf5 23. Nf1 d5 24. cxd5 Rxd5 25. Rc2 Rgd8 26. Ne3 Rd2 27. Bf1
Rxf2 28. Rxf2 Ba6 29. c4 Rd4 30. Rc2 Nd7 31. Kf2 f5 32. Be2 f4 33. Nf1 Kg7 34.
Nd2 Nc5 35. Nb3 Nxb3 36. axb3 Bb7 37. Ke1 a5 38. Rd2 Rxd2 39. Kxd2 Kf6 40. Kc3
Ke5 41. Bd3 Bc6 42. Bc2 Kd6 43. b4 axb4+ 44. Kxb4 Ke5 45. Kc3 Kd6 46. Be4 Bd7
47. Kd4 e5+ 48. Kc3 b5 49. Bd5 Kc5 50. Bg8 b4+ 51. Kb3 Bf5 52. Bf7 Bd3 53. Be6
Bf1 54. Kc2 Bxg2 55. Bg4 Bf1 56. Kc1 Bxc4 57. Kb2 Kd4 58. Bf5 Ke3 59. Be4 Be2
0-1

[Event "Open Vitrolles 2019-2020"]
[Site "Vitrolles"]
[Date "2020.03.07"]
[Round "8.5"]
[White "Chauvet, Joelle"]
[Black "Benoit-Lizon, Alain"]
[Result "1-0"]
[WhiteElo "1356"]
[BlackElo "1381"]
[PlyCount "101"]

1. d4 Nf6 2. c4 e6 3. Nf3 b6 4. e3 c5 5. Be2 Bb7 6. O-O d5 7. Nc3 Be7 8. cxd5
exd5 9. Bb5+ Nbd7 10. Re1 O-O 11. b3 a6 12. Bd3 Re8 13. Qc2 Rc8 14. Ng5 Nf8 15.
Bb2 c4 16. Bf5 Rc7 17. Qe2 h6 18. Nf3 b5 19. Rac1 b4 20. Na4 c3 21. Ba1 Bd6 22.
Bd3 a5 23. Ba6 Qb8 24. Nc5 Bxc5 25. dxc5 Rxc5 26. Nd4 Ne6 27. Qd3 Bxa6 28. Qxa6
Nxd4 29. exd4 Rxe1+ 30. Rxe1 Rc8 31. Qd3 Re8 32. Rf1 Qb6 33. f3 Nd7 34. Kh1 Nb8
35. g3 Nc6 36. Rd1 Nxd4 37. Kg2 Re2+ 38. Kh3 Rxa2 39. Re1 Ne6 40. Qxd5 Ng5+ 41.
Kg4 Qe6+ 42. Rxe6 fxe6 43. Qd8+ Kh7 44. Qd3+ g6 45. Qd7+ Kg8 46. h4 Rxa1 47.
hxg5 h5+ 48. Kf4 e5+ 49. Kxe5 Rf1 50. f4 c2 51. Kf6 1-0

[Event "Open Vitrolles 2019-2020"]
[Site "Vitrolles"]
[Date "2020.03.07"]
[Round "8.6"]
[White "Besson, Catherine"]
[Black "Corrias, Robert"]
[Result "0-1"]
[WhiteElo "1102"]
[BlackElo "1508"]
[PlyCount "60"]

1. e4 b6 2. d4 Bb7 3. Nc3 g6 4. Nf3 Bg7 5. Bf4 Nf6 6. Bd3 O-O 7. Qd2 d6 8.
O-O-O Nbd7 9. h3 c5 10. d5 a6 11. Rde1 Rc8 12. g4 b5 13. Bh6 c4 14. Be2 b4 15.
Bxg7 Kxg7 16. Nb1 a5 17. Qd4 Qb6 18. g5 Qxd4 19. Nxd4 Nxe4 20. f3 Nxg5 21. h4
e5 22. hxg5 exd4 23. Rh6 Bxd5 24. Reh1 Rh8 25. Nd2 d3 26. Bf1 c3 27. Nb3 d2+
28. Nxd2 cxd2+ 29. Kd1 Bxf3+ 30. Kxd2 Bxh1 0-1

[Event "Open Vitrolles 2019-2020"]
[Site "Vitrolles"]
[Date "2020.03.07"]
[Round "8.7"]
[White "Misene, Milan"]
[Black "Hamm, Gabrielle"]
[Result "1/2-1/2"]
[WhiteElo "1265"]
[BlackElo "1291"]
[PlyCount "77"]

1. e4 c5 2. Nf3 d6 3. Bb5+ Bd7 4. Bxd7+ Nxd7 5. O-O Ngf6 6. Re1 e6 7. c4 Be7 8.
d4 cxd4 9. Nxd4 Nc5 10. Nc3 O-O 11. Nf3 Rc8 12. b3 Qd7 13. e5 Ne8 14. exd6 Nxd6
15. Bb2 Rfd8 16. Ne5 Qc7 17. Qc2 Bf6 18. Rad1 Nf5 19. Nf3 Qf4 20. Ne2 Qh6 21.
Bxf6 Qxf6 22. Nc3 h6 23. Ne4 Nxe4 24. Rxe4 Rxd1+ 25. Qxd1 Rd8 26. Qc2 Nd4 27.
Nxd4 Rxd4 28. Rxd4 Qxd4 29. g3 e5 30. Qe2 f6 31. Kf1 Kf8 32. Ke1 Qa1+ 33. Qd1
Qxd1+ 34. Kxd1 Ke7 35. Kd2 Kd6 36. Ke3 Kc5 37. Kd3 Kb4 38. Kc2 Ka3 39. Kc3
1/2-1/2

[Event "Open Vitrolles 2019-2020"]
[Site "Vitrolles"]
[Date "2020.03.07"]
[Round "8.8"]
[White "Bregier, Gerard"]
[Black "Maccagno, Gilbert"]
[Result "1-0"]
[WhiteElo "1395"]
[BlackElo "1350"]
[PlyCount "105"]

1. d4 d5 2. Nc3 Nf6 3. Bf4 a6 4. e3 Bf5 5. f3 h6 6. g4 Bh7 7. h4 e6 8. Bd3 Bd6
9. Nge2 Nc6 10. Bxh7 Nxh7 11. a3 Ne7 12. Bxd6 Qxd6 13. Qd3 Nc6 14. e4 O-O-O 15.
e5 Qe7 16. Na4 Nb8 17. Nc5 Qe8 18. Nc3 Nf8 19. b4 Nfd7 20. a4 Nb6 21. a5 Nc4
22. Kf2 Qc6 23. Rhb1 Rdf8 24. b5 axb5 25. Nxb5 Kd8 26. Na7 Qe8 27. Rxb7 Nc6 28.
Nxc6+ Qxc6 29. a6 Ke7 30. a7 Ra8 31. Ra6 Nb6 32. Raxb6 Qxb6 33. Rxb6 cxb6 34.
Na4 Rxa7 35. Nxb6 Rb7 36. Na4 Ra8 37. Nc5 Rb2 38. Ke3 Ra1 39. Nb3 Raa2 40. Kd2
g6 41. Qc3 Kf8 42. Nc5 Rxc2+ 43. Qxc2 Rxc2+ 44. Kxc2 Ke7 45. Kd3 g5 46. h5 f6
47. exf6+ Kxf6 48. Nd7+ Ke7 49. Ne5 Kf6 50. Kc3 Ke7 51. Kb4 Kf6 52. Kc5 Ke7 53.
Kc6 1-0

[Event "Open Vitrolles 2019-2020"]
[Site "Vitrolles"]
[Date "2020.03.07"]
[Round "8.9"]
[White "Cens, Alain"]
[Black "Delporte, Clement"]
[Result "0-1"]
[WhiteElo "1412"]
[BlackElo "1418"]
[PlyCount "54"]

1. c4 Nf6 2. Nc3 g6 3. g3 Bg7 4. e4 d6 5. Bg2 O-O 6. Nge2 c5 7. O-O Nc6 8. d3
a6 9. h3 Rb8 10. a4 Ne8 11. f4 Nc7 12. Be3 b5 13. axb5 axb5 14. Rb1 bxc4 15.
dxc4 Ba6 16. e5 Na5 17. exd6 exd6 18. b3 Rb6 19. Nd5 Nxd5 20. Bxd5 Qd7 21. Kh2
Rfb8 22. Qd3 Rxb3 23. Rxb3 Rxb3 24. Qe4 Bxc4 25. Bxc4 Nxc4 26. Bxc5 Nd2 27.
Qa8+ Bf8 0-1

[Event "Open Vitrolles 2019-2020"]
[Site "Vitrolles"]
[Date "2020.03.07"]
[Round "8.10"]
[White "Hamm, Rodrigue"]
[Black "Estevez, Ange"]
[Result "1/2-1/2"]
[WhiteElo "1050"]
[BlackElo "1447"]
[PlyCount "56"]

1. e4 e5 2. Nf3 Nc6 3. Bc4 Bc5 4. c3 Nf6 5. d3 d6 6. a4 a5 7. O-O O-O 8. Bb3 h6
9. Re1 Bg4 10. Nbd2 Ne7 11. h3 Bh5 12. Nf1 c6 13. Ng3 Bg6 14. d4 exd4 15. cxd4
Bb4 16. Bd2 Bxd2 17. Qxd2 d5 18. e5 Ne4 19. Nxe4 Bxe4 20. Re3 Nf5 21. Rc3 Qb6
22. Ra2 Bxf3 23. Rxf3 Nxd4 24. Rg3 Nf5 25. Rf3 Nd4 26. Rg3 Nf5 27. Rf3 Nd4 28.
Rg3 Nf5 1/2-1/2

[Event "Open Vitrolles 2019-2020"]
[Site "Vitrolles"]
[Date "2020.03.07"]
[Round "8.11"]
[White "Porte, Jacques"]
[Black "Mars, Florence"]
[Result "1/2-1/2"]
[WhiteElo "1200"]
[BlackElo "1226"]
[PlyCount "75"]

1. d4 Nf6 2. c4 e5 3. e3 Bb4+ 4. Nc3 exd4 5. exd4 O-O 6. Bd3 Bxc3+ 7. bxc3 d6
8. Ne2 Re8 9. O-O Nc6 10. Bg5 h6 11. Bh4 g5 12. Bg3 Bg4 13. f3 Bh5 14. Qc2 Kh8
15. Rab1 Rb8 16. Rfe1 Rg8 17. f4 Bg6 18. Bxg6 Rxg6 19. fxg5 hxg5 20. d5 Ne5 21.
Bxe5 dxe5 22. Qf5 Qd6 23. Ng3 Re8 24. Ne4 Nxe4 25. Rxe4 Rf8 26. Qxe5+ Qxe5 27.
Rxe5 f6 28. Re7 Rg7 29. Rbe1 Kg8 30. Rxg7+ Kxg7 31. Re6 Kf7 32. Kf2 Rh8 33. h3
Rh4 34. c5 Rc4 35. Re3 Rxc5 36. Rd3 Ra5 37. Rd2 Rc5 38. Rd3 1/2-1/2

[Event "Open Vitrolles 2019-2020"]
[Site "Vitrolles"]
[Date "2020.03.07"]
[Round "8.13"]
[White "Rannou, Danielle"]
[Black "Cortes-Sobral, Maria"]
[Result "1-0"]
[WhiteElo "1125"]
[BlackElo "1009"]
[PlyCount "103"]

1. d4 e6 2. e4 Be7 3. Nf3 Nf6 4. e5 O-O 5. exf6 Bxf6 6. Nc3 Qe7 7. Be2 d5 8.
O-O Nc6 9. a3 Bd7 10. Re1 a6 11. Be3 Na5 12. Qd2 b5 13. b4 Nc4 14. Bxc4 bxc4
15. Bg5 h6 16. Bxf6 Qxf6 17. Ne5 Rad8 18. Na4 Bxa4 19. c3 Bb3 20. a4 Qf5 21. a5
Rfe8 22. Re3 f6 23. Nf3 Rd6 24. Rae1 Qc2 25. Qxc2 Bxc2 26. h3 Be4 27. Nd2 Bg6
28. Nf3 f5 29. Ne5 Bh5 30. f3 f4 31. R3e2 Rf8 32. Kh2 Rf5 33. Rf2 Rg5 34. Rg1
Rg3 35. Rb1 Kf8 36. b5 Rg5 37. b6 cxb6 38. Rxb6 Rxb6 39. axb6 Be8 40. b7 Ke7
41. b8=Q Rf5 42. Qb7+ Kf6 43. Qxa6 g5 44. Re2 h5 45. Nc6 Bxc6 46. Qxc6 Kg6 47.
Rxe6+ Kg7 48. Qd7+ Rf7 49. Re7 Kg6 50. Rxf7 g4 51. Qe6+ Kg5 52. Qf6# 1-0

[Event "Open Vitrolles 2019-2020"]
[Site "Vitrolles"]
[Date "2020.03.07"]
[Round "8.14"]
[White "Schoeni, Christine"]
[Black "Bui, Kerian"]
[Result "0-1"]
[WhiteElo "1199"]
[BlackElo "1009"]
[PlyCount "66"]

1. d4 d5 2. Nc3 Nf6 3. e3 Bg4 4. Nge2 Bf5 5. Ng3 Qd7 6. Bb5 c6 7. Be2 e6 8.
Nxf5 exf5 9. O-O Ng4 10. f3 Nf6 11. Bd3 Bd6 12. Ne2 O-O 13. Nf4 Re8 14. Re1
Bxf4 15. exf4 Rxe1+ 16. Qxe1 Qc7 17. Bxf5 Qb6 18. c3 c5 19. Qd2 g6 20. Bc2 Nc6
21. f5 gxf5 22. Bxf5 Ne7 23. Qg5+ Kh8 24. Qxf6+ Qxf6 25. Bg4 cxd4 26. cxd4
Qxd4+ 27. Kf1 f5 28. Bh3 Re8 29. Rb1 Qd3+ 30. Kf2 Qxb1 31. Bg5 Ng6 32. Bf6+ Kg8
33. Bd4 Qe1# 0-1